Statistics for Double L Vocabulary Words

Click here to take the quiz!

General Stats

  • This quiz has been taken 41,260 times
    (33,189 since last reset)
  • The average score is 13 of 22

Answer Stats

DefinitionWord% Correct
It's bigger than an alpacaLlama
97%
1,000 yearsMillennium
90%
Unable to read or writeIlliterate
83%
Beheading instrumentGuillotine
82%
It's bigger than a violaCello
76%
Hairstyle that is short in front, long in backMullet
72%
Feather used a writing implementQuill
72%
One million millionsTrillion
68%
Fastest gait of a horseGallop
67%
Artistic writingCalligraphy
62%
To concentrate alcoholDistill
61%
Metal that is a combination of two elementsAlloy
59%
Kitchen on a shipGalley
59%
Smaller relative of the kangarooWallaby
52%
Incapable of error; like the PopeInfallible
48%
Type of ship found in the Spanish armadaGalleon
39%
Where baseball pitchers warm upBullpen
33%
Farmland that is left unseeded is …Fallow
32%
Variety act popular around 1900Vaudeville
31%
Brooding or sulkySullen
29%
Jewish bread, eaten on the SabbathChallah
26%
Mosque leaderMullah
16%

Score Distribution

Percentile by Number Answered

Percent of People with Each Score

Your Score History

You have not taken this quiz since the last reset